[Event "Deutsche Ländermeisterschaft 2023"]
[Site "Hannover GER"]
[Date "2023.10.01"]
[Round "2"]
[White "Lohr, Maximilian"]
[Black "Windmüller, Simon"]
[Result "1-0"]
[Termination "normal"]
[Board "6.2"]
[WhiteElo "2063"]
[BlackElo "1970"]
[WhiteClock "00:32:38"]
[BlackClock "00:42:02"]
[WhiteTeam "Bayern"]
[BlackTeam "Saarland & Friends"]
[PlyCount "97"]
[WhiteFideId "12999717"]
[BlackFideId "16274032"]
[EventCountry "GER"]
[EventRounds "7"]
[EventType "team-swiss"]
[EventDate "2023.09.30"]

1. d4 {[%clk 01:30:57]} {[%emt 00:00:02]} Nf6 {[%clk 01:30:39]} {[%emt
00:00:22]} 2. c4 {[%clk 01:30:44]} {[%emt 00:00:44]} e6 {[%clk 01:30:51]}
{[%emt 00:00:18]} 3. Nc3 {[%clk 01:31:08]} {[%emt 00:00:06]} Bb4 {[%clk
01:31:13]} {[%emt 00:00:07]} 4. e3 {[%clk 01:31:13]} {[%emt 00:00:25]} O-O
{[%clk 01:31:15]} {[%emt 00:00:28]} 5. Bd3 {[%clk 01:30:02]} {[%emt 00:01:41]}
d5 {[%clk 01:31:08]} {[%emt 00:00:36]} 6. cxd5 {[%clk 01:29:23]} {[%emt
00:01:09]} exd5 {[%clk 01:31:04]} {[%emt 00:00:34]} 7. Nge2 {[%clk 01:29:05]}
{[%emt 00:00:47]} c5 {[%clk 01:30:28]} {[%emt 00:01:07]} 8. a3 {[%clk
01:27:04]} {[%emt 00:02:30]} cxd4 {[%clk 01:29:25]} {[%emt 00:01:33]} 9. axb4
{[%clk 01:26:36]} {[%emt 00:00:59]} dxc3 {[%clk 01:29:48]} {[%emt 00:00:06]}
10. bxc3 {[%clk 01:27:03]} {[%emt 00:00:04]} Nc6 {[%clk 01:29:42]} {[%emt
00:00:35]} 11. O-O {[%clk 01:23:01]} {[%emt 00:04:32]} Be6 {[%clk 01:27:02]}
{[%emt 00:03:10]} 12. Nd4 {[%clk 01:13:42]} {[%emt 00:09:49]} Nxd4 {[%clk
01:27:21]} {[%emt 00:00:10]} 13. exd4 {[%clk 01:10:11]} {[%emt 00:04:02]} Qc7
{[%clk 01:21:34]} {[%emt 00:06:16]} 14. Qf3 {[%clk 01:04:10]} {[%emt 00:06:31]}
Rfc8 {[%clk 01:18:07]} {[%emt 00:03:58]} 15. Ra3 {[%clk 01:03:43]} {[%emt
00:00:58]} Bg4 {[%clk 01:15:41]} {[%emt 00:02:54]} 16. Qf4 {[%clk 01:00:01]}
{[%emt 00:04:13]} Qxf4 {[%clk 01:13:50]} {[%emt 00:02:21]} 17. Bxf4 {[%clk
01:00:25]} {[%emt 00:00:06]} Rc6 {[%clk 00:49:00]} {[%emt 00:25:20]} 18. b5
{[%clk 00:57:26]} {[%emt 00:03:29]} Re6 {[%clk 00:48:48]} {[%emt 00:00:41]} 19.
f3 {[%clk 00:56:29]} {[%emt 00:01:27]} Bh5 {[%clk 00:49:03]} {[%emt 00:00:15]}
20. Rfa1 {[%clk 00:49:31]} {[%emt 00:07:29]} a6 {[%clk 00:41:40]} {[%emt
00:07:53]} 21. bxa6 {[%clk 00:48:57]} {[%emt 00:01:04]} bxa6 {[%clk 00:42:04]}
{[%emt 00:00:06]} 22. Rxa6 {[%clk 00:49:24]} {[%emt 00:00:04]} Rexa6 {[%clk
00:42:23]} {[%emt 00:00:11]} 23. Rxa6 {[%clk 00:49:50]} {[%emt 00:00:04]} Rc8
{[%clk 00:41:57]} {[%emt 00:00:55]} 24. Bf5 {[%clk 00:47:29]} {[%emt 00:02:52]}
Re8 {[%clk 00:41:46]} {[%emt 00:00:40]} 25. Be5 {[%clk 00:45:16]} {[%emt
00:02:43]} Bg6 {[%clk 00:41:13]} {[%emt 00:01:03]} 26. Bxg6 {[%clk 00:43:48]}
{[%emt 00:01:58]} hxg6 {[%clk 00:41:37]} {[%emt 00:00:06]} 27. Bxf6 {[%clk
00:44:10]} {[%emt 00:00:08]} gxf6 {[%clk 00:42:01]} {[%emt 00:00:05]} 28. Rxf6
{[%clk 00:44:29]} {[%emt 00:00:10]} Rc8 {[%clk 00:42:23]} {[%emt 00:00:08]} 29.
Rd6 {[%clk 00:44:52]} {[%emt 00:00:08]} Rxc3 {[%clk 00:42:45]} {[%emt
00:00:07]} 30. Rxd5 {[%clk 00:45:16]} {[%emt 00:00:06]} Rc2 {[%clk 00:43:11]}
{[%emt 00:00:05]} 31. h4 {[%clk 00:43:46]} {[%emt 00:01:59]} Rd2 {[%clk
00:42:09]} {[%emt 00:01:32]} 32. Kh2 {[%clk 00:43:33]} {[%emt 00:00:43]} Kg7
{[%clk 00:42:22]} {[%emt 00:00:17]} 33. Kh3 {[%clk 00:43:34]} {[%emt 00:00:29]}
Kf6 {[%clk 00:42:42]} {[%emt 00:00:11]} 34. g4 {[%clk 00:43:13]} {[%emt
00:00:51]} Ke6 {[%clk 00:42:59]} {[%emt 00:00:12]} 35. Re5+ {[%clk 00:43:24]}
{[%emt 00:00:20]} Kd6 {[%clk 00:43:17]} {[%emt 00:00:11]} 36. Re4 {[%clk
00:43:44]} {[%emt 00:00:10]} f5 {[%clk 00:43:35]} {[%emt 00:00:12]} 37. Rf4
{[%clk 00:42:31]} {[%emt 00:01:43]} Ke6 {[%clk 00:43:38]} {[%emt 00:00:28]} 38.
Kg3 {[%clk 00:35:09]} {[%emt 00:07:52]} fxg4 {[%clk 00:43:17]} {[%emt
00:00:51]} 39. fxg4 {[%clk 00:34:18]} {[%emt 00:01:21]} Rd3+ {[%clk 00:43:40]}
{[%emt 00:00:07]} 40. Kg2 {[%clk 00:33:02]} {[%emt 00:01:47]} Rd2+ {[%clk
00:43:51]} {[%emt 00:00:19]} 41. Kf3 {[%clk 00:33:10]} {[%emt 00:00:21]} Rd3+
{[%clk 00:41:58]} {[%emt 00:02:22]} 42. Ke4 {[%clk 00:32:56]} {[%emt 00:00:45]}
Rd1 {[%clk 00:42:27]} {[%emt 00:00:01]} 43. d5+ {[%clk 00:33:13]} {[%emt
00:00:14]} Ke7 {[%clk 00:41:59]} {[%emt 00:00:57]} 44. Ke5 {[%clk 00:33:26]}
{[%emt 00:00:17]} Re1+ {[%clk 00:41:57]} {[%emt 00:00:32]} 45. Re4 {[%clk
00:33:47]} {[%emt 00:00:08]} Rd1 {[%clk 00:42:18]} {[%emt 00:00:09]} 46. Ra4
{[%clk 00:31:28]} {[%emt 00:02:50]} Re1+ {[%clk 00:41:24]} {[%emt 00:01:24]}
47. Kf4 {[%clk 00:31:52]} {[%emt 00:00:06]} Kf6 {[%clk 00:41:41]} {[%emt
00:00:13]} 48. Ra6+ {[%clk 00:32:16]} {[%emt 00:00:06]} Kg7 {[%clk 00:42:02]}
{[%emt 00:00:09]} 49. Ra7+ {[%clk 00:32:38]} {[%emt 00:00:09]} 1-0

[Event "Deutsche Ländermeisterschaft 2023"]
[Site "Hannover GER"]
[Date "2023.10.01"]
[Round "2"]
[White "Kalina, Lena"]
[Black "Bardorz, Jana"]
[Result "1/2-1/2"]
[Termination "normal"]
[Board "6.3"]
[WhiteElo "1718"]
[BlackElo "2073"]
[WhiteClock "00:04:03"]
[BlackClock "00:15:47"]
[WhiteTeam "Saarland & Friends"]
[BlackTeam "Bayern"]
[PlyCount "93"]
[WhiteFideId "12988014"]
[BlackFideId "16208897"]
[EventCountry "GER"]
[EventRounds "7"]
[EventType "team-swiss"]
[EventDate "2023.09.30"]

1. d4 {[%clk 01:30:57]} {[%emt 00:00:02]} Nf6 {[%clk 01:30:53]} {[%emt
00:00:08]} 2. c4 {[%clk 01:31:22]} {[%emt 00:00:06]} g6 {[%clk 01:31:17]}
{[%emt 00:00:05]} 3. Nf3 {[%clk 01:31:44]} {[%emt 00:00:07]} Bg7 {[%clk
01:31:42]} {[%emt 00:00:05]} 4. g3 {[%clk 01:31:55]} {[%emt 00:00:20]} O-O
{[%clk 01:32:01]} {[%emt 00:00:09]} 5. Bg2 {[%clk 01:32:10]} {[%emt 00:00:16]}
d6 {[%clk 01:32:20]} {[%emt 00:00:11]} 6. Nc3 {[%clk 01:31:50]} {[%emt
00:00:50]} Nbd7 {[%clk 01:32:00]} {[%emt 00:00:51]} 7. O-O {[%clk 01:30:56]}
{[%emt 00:01:24]} e5 {[%clk 01:32:16]} {[%emt 00:00:14]} 8. Qc2 {[%clk
01:24:52]} {[%emt 00:06:34]} exd4 {[%clk 01:25:48]} {[%emt 00:06:58]} 9. Nxd4
{[%clk 01:24:11]} {[%emt 00:01:11]} Nb6 {[%clk 01:24:24]} {[%emt 00:01:53]} 10.
b3 {[%clk 01:21:14]} {[%emt 00:03:27]} c5 {[%clk 01:23:13]} {[%emt 00:01:41]}
11. Ndb5 {[%clk 01:12:23]} {[%emt 00:09:22]} a6 {[%clk 01:19:43]} {[%emt
00:04:00]} 12. Na3 {[%clk 01:12:46]} {[%emt 00:00:07]} d5 {[%clk 01:18:48]}
{[%emt 00:01:25]} 13. cxd5 {[%clk 01:08:09]} {[%emt 00:05:07]} Nfxd5 {[%clk
01:16:32]} {[%emt 00:02:46]} 14. Bb2 {[%clk 01:06:21]} {[%emt 00:02:18]} Nb4
{[%clk 01:14:08]} {[%emt 00:02:54]} 15. Qc1 {[%clk 01:01:18]} {[%emt 00:05:32]}
Qe7 {[%clk 01:01:08]} {[%emt 00:13:30]} 16. Ne4 {[%clk 00:53:24]} {[%emt
00:08:25]} Nd7 {[%clk 00:57:44]} {[%emt 00:03:53]} 17. Bxg7 {[%clk 00:47:12]}
{[%emt 00:06:43]} Kxg7 {[%clk 00:57:55]} {[%emt 00:00:18]} 18. Qc3+ {[%clk
00:46:02]} {[%emt 00:01:40]} f6 {[%clk 00:57:34]} {[%emt 00:00:51]} 19. Rfc1
{[%clk 00:44:33]} {[%emt 00:01:59]} Nc6 {[%clk 00:49:07]} {[%emt 00:08:57]} 20.
Nxc5 {[%clk 00:27:44]} {[%emt 00:17:19]} Nde5 {[%clk 00:46:21]} {[%emt
00:03:16]} 21. b4 {[%clk 00:24:32]} {[%emt 00:03:42]} Bf5 {[%emt 00:08:57]} 22.
Nc4 {[%clk 00:21:16]} {[%emt 00:03:46]} Nxc4 {[%clk 00:31:35]} {[%emt
00:06:50]} 23. Qxc4 {[%clk 00:21:36]} {[%emt 00:00:11]} Rac8 {[%clk 00:29:43]}
{[%emt 00:02:21]} 24. e4 {[%clk 00:17:55]} {[%emt 00:04:11]} Bd7 {[%clk
00:25:40]} {[%emt 00:04:33]} 25. a3 {[%clk 00:14:27]} {[%emt 00:03:58]} Nd8
{[%clk 00:22:09]} {[%emt 00:04:01]} 26. Qd4 {[%clk 00:11:44]} {[%emt 00:03:13]}
Be6 {[%clk 00:20:24]} {[%emt 00:02:15]} 27. Rd1 {[%clk 00:10:02]} {[%emt
00:02:12]} Nf7 {[%clk 00:13:54]} {[%emt 00:07:00]} 28. Nxe6+ {[%clk 00:06:30]}
{[%emt 00:04:02]} Qxe6 {[%clk 00:14:17]} {[%emt 00:00:06]} 29. Qd7 {[%clk
00:06:37]} {[%emt 00:00:22]} Qb6 {[%clk 00:13:24]} {[%emt 00:01:23]} 30. Rac1
{[%clk 00:04:46]} {[%emt 00:02:21]} Rxc1 {[%clk 00:11:31]} {[%emt 00:02:24]}
31. Rxc1 {[%clk 00:05:12]} {[%emt 00:00:04]} Rd8 {[%clk 00:11:08]} {[%emt
00:00:53]} 32. Qe7 {[%clk 00:02:41]} {[%emt 00:03:01]} Rd2 {[%clk 00:10:42]}
{[%emt 00:00:55]} 33. Rf1 {[%clk 00:00:56]} {[%emt 00:02:16]} Kg8 {[%clk
00:04:44]} {[%emt 00:06:29]} 34. h4 {[%clk 00:00:36]} {[%emt 00:00:50]} Rd3
{[%clk 00:01:19]} {[%emt 00:03:55]} 35. Kh2 {[%clk 00:00:33]} {[%emt 00:00:33]}
Rxa3 {[%clk 00:00:44]} {[%emt 00:01:05]} 36. Bh3 {[%clk 00:00:38]} {[%emt
00:00:25]} Qd6 {[%clk 00:00:41]} {[%emt 00:00:32]} 37. Qe8+ {[%clk 00:00:35]}
{[%emt 00:00:34]} Kg7 {[%clk 00:00:37]} {[%emt 00:00:35]} 38. Be6 {[%clk
00:00:36]} {[%emt 00:00:28]} Ne5 {[%clk 00:00:56]} {[%emt 00:00:11]} 39. Qg8+
{[%clk 00:00:37]} {[%emt 00:00:30]} Kh6 {[%emt 00:00:05]} 40. Kh3 {[%clk
00:00:40]} {[%emt 00:00:27]} Rf3 {[%clk 00:00:52]} {[%emt 00:00:58]} 41. Bd5
{[%clk 00:00:36]} {[%emt 00:00:34]} Qxb4 {[%clk 00:22:26]} {[%emt 00:08:56]}
42. Rc1 {[%clk 00:21:55]} {[%emt 00:09:11]} Rxf2 {[%clk 00:15:42]} {[%emt
00:07:15]} 43. Rc7 {[%clk 00:20:37]} {[%emt 00:01:47]} Rh2+ {[%clk 00:15:38]}
{[%emt 00:00:34]} 44. Kxh2 {[%clk 00:20:53]} {[%emt 00:00:14]} Nf3+ {[%clk
00:15:29]} {[%emt 00:00:39]} 45. Kg2 {[%clk 00:04:03]} {[%emt 00:17:20]} Qd2+
{[%clk 00:15:23]} {[%emt 00:00:36]} 46. Kxf3 {[%clk 00:04:03]} {[%emt
00:00:31]} Qd3+ {[%clk 00:15:47]} {[%emt 00:00:06]} 47. Kf2 {[%emt 00:01:53]}
1/2-1/2

[Event "Deutsche Ländermeisterschaft 2023"]
[Site "Hannover GER"]
[Date "2023.10.01"]
[Round "2"]
[White "Stichter, Constantin Paul"]
[Black "Unbehend, Marius"]
[Result "1/2-1/2"]
[Termination "normal"]
[Board "6.4"]
[WhiteElo "1945"]
[BlackElo "1595"]
[WhiteClock "00:04:22"]
[BlackClock "00:06:02"]
[WhiteTeam "Bayern"]
[BlackTeam "Saarland & Friends"]
[PlyCount "64"]
[WhiteFideId "34603140"]
[BlackFideId "16214420"]
[EventCountry "GER"]
[EventRounds "7"]
[EventType "team-swiss"]
[EventDate "2023.09.30"]

1. e4 {[%clk 01:08:47]} {[%emt 00:00:40]} e6 {[%clk 01:30:56]} {[%emt
00:00:05]} 2. d3 {[%clk 01:09:16]} {[%emt 00:00:01]} d5 {[%clk 01:31:16]}
{[%emt 00:00:10]} 3. Nd2 {[%clk 01:09:44]} {[%emt 00:00:01]} dxe4 {[%clk
01:30:57]} {[%emt 00:00:49]} 4. Nxe4 {[%clk 01:10:12]} {[%emt 00:00:03]} Nf6
{[%clk 01:31:11]} {[%emt 00:00:16]} 5. Nxf6+ {[%clk 01:10:17]} {[%emt
00:00:24]} Qxf6 {[%clk 01:31:25]} {[%emt 00:00:15]} 6. Nf3 {[%clk 01:10:36]}
{[%emt 00:00:12]} Bd6 {[%clk 01:28:31]} {[%emt 00:03:24]} 7. g3 {[%clk
01:10:32]} {[%emt 00:00:34]} e5 {[%clk 01:22:42]} {[%emt 00:06:19]} 8. Nd2
{[%clk 01:10:07]} {[%emt 00:00:53]} Qg6 {[%clk 01:15:38]} {[%emt 00:07:35]} 9.
Bg2 {[%clk 01:08:44]} {[%emt 00:01:53]} Nc6 {[%clk 01:15:00]} {[%emt 00:01:08]}
10. Ne4 {[%clk 01:07:59]} {[%emt 00:01:15]} O-O {[%clk 01:12:09]} {[%emt
00:03:22]} 11. O-O {[%clk 01:08:21]} {[%emt 00:00:08]} Bg4 {[%clk 01:10:46]}
{[%emt 00:01:53]} 12. f3 {[%clk 01:07:50]} {[%emt 00:01:00]} Bd7 {[%clk
01:10:57]} {[%emt 00:00:18]} 13. Nxd6 {[%clk 01:08:09]} {[%emt 00:00:11]} Qxd6
{[%clk 01:10:54]} {[%emt 00:00:33]} 14. Be3 {[%clk 01:07:42]} {[%emt 00:00:57]}
Nd4 {[%clk 01:06:09]} {[%emt 00:05:14]} 15. Qd2 {[%clk 01:00:06]} {[%emt
00:08:06]} Bc6 {[%clk 01:04:01]} {[%emt 00:02:37]} 16. Qf2 {[%clk 00:58:52]}
{[%emt 00:01:44]} Rad8 {[%clk 00:56:19]} {[%emt 00:08:13]} 17. Rad1 {[%clk
00:58:45]} {[%emt 00:00:38]} b6 {[%clk 00:44:27]} {[%emt 00:12:21]} 18. c3
{[%clk 00:54:33]} {[%emt 00:04:41]} Ne6 {[%clk 00:40:46]} {[%emt 00:04:12]} 19.
Rfe1 {[%clk 00:54:43]} {[%emt 00:00:21]} f5 {[%clk 00:38:28]} {[%emt 00:02:48]}
20. Bc1 {[%clk 00:53:58]} {[%emt 00:01:14]} Rfe8 {[%clk 00:31:03]} {[%emt
00:07:54]} 21. Qc2 {[%clk 00:45:46]} {[%emt 00:08:42]} f4 {[%clk 00:21:46]}
{[%emt 00:09:47]} 22. gxf4 {[%clk 00:37:56]} {[%emt 00:08:20]} Nxf4 {[%clk
00:21:08]} {[%emt 00:01:08]} 23. Bxf4 {[%clk 00:38:10]} {[%emt 00:00:16]} exf4
{[%clk 00:21:33]} {[%emt 00:00:05]} 24. d4 {[%clk 00:38:23]} {[%emt 00:00:16]}
Kh8 {[%clk 00:17:39]} {[%emt 00:04:24]} 25. Qf5 {[%clk 00:36:22]} {[%emt
00:02:31]} Bd7 {[%clk 00:15:25]} {[%emt 00:02:44]} 26. Qg5 {[%clk 00:35:02]}
{[%emt 00:01:49]} Bc6 {[%clk 00:12:09]} {[%emt 00:03:48]} 27. h4 {[%clk
00:28:33]} {[%emt 00:06:59]} h6 {[%clk 00:10:35]} {[%emt 00:02:04]} 28. Qg4
{[%clk 00:27:16]} {[%emt 00:01:47]} Bd7 {[%clk 00:09:41]} {[%emt 00:01:24]} 29.
Qh5 {[%clk 00:26:40]} {[%emt 00:01:06]} Kh7 {[%clk 00:08:04]} {[%emt 00:02:04]}
30. Qf7 {[%clk 00:19:01]} {[%emt 00:08:11]} Be6 {[%clk 00:06:15]} {[%emt
00:02:19]} 31. Qh5 {[%clk 00:18:22]} {[%emt 00:01:09]} Bd7 {[%clk 00:05:42]}
{[%emt 00:01:04]} 32. Qf7 {[%clk 00:04:22]} {[%emt 00:14:30]} Be6 {[%clk
00:06:02]} {[%emt 00:00:10]} 1/2-1/2

[Event "Deutsche Ländermeisterschaft 2023"]
[Site "Hannover GER"]
[Date "2023.10.01"]
[Round "2"]
[White "Mukazhanov, Mansur"]
[Black "Heinisch, Niklas"]
[Result "0-1"]
[Termination "normal"]
[Board "6.5"]
[WhiteElo "1761"]
[BlackElo "1919"]
[WhiteClock "01:32:12"]
[BlackClock "01:02:48"]
[WhiteTeam "Saarland & Friends"]
[BlackTeam "Bayern"]
[PlyCount "42"]
[WhiteFideId "13752324"]
[BlackFideId "16295080"]
[EventCountry "GER"]
[EventRounds "7"]
[EventType "team-swiss"]
[EventDate "2023.09.30"]

1. e4 {[%clk 01:30:58]} {[%emt 00:00:01]} c6 {[%clk 01:30:37]} {[%emt
00:00:24]} 2. d4 {[%clk 01:31:24]} {[%emt 00:00:03]} d5 {[%clk 01:31:02]}
{[%emt 00:00:05]} 3. exd5 {[%clk 01:31:48]} {[%emt 00:00:06]} cxd5 {[%clk
01:31:26]} {[%emt 00:00:05]} 4. c4 {[%clk 01:32:15]} {[%emt 00:00:04]} Nf6
{[%clk 01:31:37]} {[%emt 00:00:19]} 5. Nc3 {[%clk 01:32:27]} {[%emt 00:00:18]}
Nc6 {[%clk 01:31:45]} {[%emt 00:00:23]} 6. Nf3 {[%clk 01:32:51]} {[%emt
00:00:05]} Bg4 {[%clk 01:29:33]} {[%emt 00:02:42]} 7. cxd5 {[%clk 01:31:53]}
{[%emt 00:01:28]} Nxd5 {[%clk 01:29:29]} {[%emt 00:00:33]} 8. Qb3 {[%clk
01:32:02]} {[%emt 00:00:20]} Bxf3 {[%clk 01:28:33]} {[%emt 00:01:28]} 9. gxf3
{[%clk 01:32:03]} {[%emt 00:00:29]} e6 {[%clk 01:28:45]} {[%emt 00:00:18]} 10.
Qxb7 {[%clk 01:32:01]} {[%emt 00:00:31]} Nxd4 {[%clk 01:28:50]} {[%emt
00:00:26]} 11. Bb5+ {[%clk 01:32:11]} {[%emt 00:00:19]} Nxb5 {[%clk 01:29:16]}
{[%emt 00:00:04]} 12. Qc6+ {[%clk 01:32:35]} {[%emt 00:00:06]} Ke7 {[%clk
01:29:33]} {[%emt 00:00:13]} 13. Qxb5 {[%clk 01:32:43]} {[%emt 00:00:21]} Qd7
{[%clk 01:24:04]} {[%emt 00:06:00]} 14. Nxd5+ {[%clk 01:32:49]} {[%emt
00:00:23]} Qxd5 {[%clk 01:22:20]} {[%emt 00:02:15]} 15. Qxd5 {[%clk 01:33:14]}
{[%emt 00:00:05]} exd5 {[%clk 01:22:39]} {[%emt 00:00:11]} 16. O-O {[%clk
01:33:36]} {[%emt 00:00:06]} Rd8 {[%clk 01:06:18]} {[%emt 00:16:45]} 17. Re1+
{[%clk 01:33:00]} {[%emt 00:01:13]} Kf6 {[%clk 01:05:52]} {[%emt 00:00:56]} 18.
Be3 {[%clk 01:32:05]} {[%emt 00:01:24]} d4 {[%clk 01:03:23]} {[%emt 00:03:00]}
19. Rad1 {[%clk 01:32:22]} {[%emt 00:00:12]} dxe3 {[%clk 01:02:25]} {[%emt
00:01:30]} 20. Rxd8 {[%clk 01:32:42]} {[%emt 00:00:10]} exf2+ {[%clk 01:02:36]}
{[%emt 00:00:19]} 21. Kf1 {[%clk 01:32:12]} {[%emt 00:01:00]} fxe1=Q+ {[%clk
01:02:48]} {[%emt 00:00:18]} 0-1

[Event "Deutsche Ländermeisterschaft 2023"]
[Site "Hannover GER"]
[Date "2023.10.01"]
[Round "2"]
[White "Navarro Jahnke, Leo"]
[Black "Sheng, Ming"]
[Result "1-0"]
[Termination "normal"]
[Board "6.6"]
[WhiteElo "1884"]
[BlackElo "1705"]
[WhiteClock "01:05:50"]
[BlackClock "00:38:49"]
[WhiteTeam "Bayern"]
[BlackTeam "Saarland & Friends"]
[PlyCount "51"]
[WhiteFideId "16234146"]
[BlackFideId "34605258"]
[EventCountry "GER"]
[EventRounds "7"]
[EventType "team-swiss"]
[EventDate "2023.09.30"]

1. d4 {[%clk 01:30:50]} {[%emt 00:00:08]} d5 {[%clk 01:30:51]} {[%emt
00:00:10]} 2. Nf3 {[%clk 01:30:54]} {[%emt 00:00:27]} Nf6 {[%clk 01:31:11]}
{[%emt 00:00:10]} 3. Bf4 {[%clk 01:30:49]} {[%emt 00:00:34]} e6 {[%clk
01:31:32]} {[%emt 00:00:09]} 4. Nbd2 {[%clk 01:30:43]} {[%emt 00:00:34]} Bd6
{[%clk 01:31:23]} {[%emt 00:00:41]} 5. Bg3 {[%clk 01:29:52]} {[%emt 00:01:22]}
O-O {[%clk 01:30:55]} {[%emt 00:00:58]} 6. e3 {[%clk 01:29:20]} {[%emt
00:01:01]} b6 {[%clk 01:30:35]} {[%emt 00:00:49]} 7. Bd3 {[%clk 01:27:53]}
{[%emt 00:01:58]} c5 {[%clk 01:30:28]} {[%emt 00:00:38]} 8. O-O {[%clk
01:25:47]} {[%emt 00:02:34]} c4 {[%clk 01:19:17]} {[%emt 00:11:42]} 9. Be2
{[%clk 01:26:09]} {[%emt 00:00:07]} Bxg3 {[%clk 01:18:43]} {[%emt 00:01:05]}
10. hxg3 {[%clk 01:26:36]} {[%emt 00:00:03]} Nbd7 {[%clk 01:16:57]} {[%emt
00:02:15]} 11. c3 {[%clk 01:26:20]} {[%emt 00:00:47]} b5 {[%clk 01:15:48]}
{[%emt 00:01:38]} 12. a4 {[%clk 01:26:02]} {[%emt 00:00:49]} bxa4 {[%clk
01:15:23]} {[%emt 00:00:55]} 13. Qxa4 {[%clk 01:26:01]} {[%emt 00:00:31]} Nb6
{[%clk 01:14:57]} {[%emt 00:00:56]} 14. Qc2 {[%clk 01:25:35]} {[%emt 00:00:54]}
Bd7 {[%clk 01:14:44]} {[%emt 00:00:44]} 15. Rfb1 {[%clk 01:20:27]} {[%emt
00:05:37]} Qc7 {[%clk 01:13:37]} {[%emt 00:01:39]} 16. e4 {[%clk 01:16:27]}
{[%emt 00:04:30]} h6 {[%clk 01:08:29]} {[%emt 00:05:39]} 17. e5 {[%clk
01:06:53]} {[%emt 00:10:02]} Nh7 {[%clk 01:07:49]} {[%emt 00:01:10]} 18. b3
{[%clk 01:06:24]} {[%emt 00:01:00]} cxb3 {[%clk 01:07:15]} {[%emt 00:01:05]}
19. Nxb3 {[%clk 01:06:35]} {[%emt 00:00:18]} Ba4 {[%clk 00:56:30]} {[%emt
00:11:14]} 20. Bd3 {[%clk 01:06:09]} {[%emt 00:00:57]} f5 {[%clk 00:51:23]}
{[%emt 00:05:38]} 21. exf6 {[%clk 01:06:04]} {[%emt 00:00:35]} Nxf6 {[%clk
00:51:42]} {[%emt 00:00:10]} 22. Qe2 {[%clk 01:06:21]} {[%emt 00:00:12]} Bd7
{[%clk 00:43:55]} {[%emt 00:08:17]} 23. Nc5 {[%clk 01:06:16]} {[%emt 00:00:36]}
Rfe8 {[%clk 00:42:25]} {[%emt 00:01:59]} 24. Ne5 {[%clk 01:05:49]} {[%emt
00:00:57]} Bc8 {[%clk 00:40:26]} {[%emt 00:02:29]} 25. Bb5 {[%clk 01:05:29]}
{[%emt 00:00:50]} Bd7 {[%clk 00:38:49]} {[%emt 00:02:07]} 26. Bxd7 {[%clk
01:05:50]} {[%emt 00:00:10]} 1-0